000 00302nam a22001337a 4500
008 180109b xxu||||| |||| 00| 0 eng d
020 _a9780176501730
041 _aeng
080 _25 ED
_a34
100 _a13
101 _aJUR
245 _aCRIMINAL JUSTICE IN CANADA
_cGOFF.C
942 _2udc
_cBK
999 _c39828
_d39828